The message of Jesus: (Record no. 5026)

000 -LEADER
fixed length control field 00641nam a2200181 a 4500
001 - CONTROL NUMBER
control field :::00002767$&:&@@
003 - CONTROL NUMBER IDENTIFIER
control field OkBaRHE
005 - DATE AND TIME OF LATEST TRANSACTION
control field 20000607103257.0
008 - FIXED-LENGTH DATA ELEMENTS--GENERAL INFORMATION
fixed length control field s1926 j 000 0 eng u
040 ## - CATALOGING SOURCE
Transcribing agency
100 1# - MAIN ENTRY--PERSONAL NAME
Personal name Branscomb, Harvie (Bennett Harvie), 1894-
245 14 - TITLE STATEMENT
Title The message of Jesus:
Remainder of title a survey of the teachings of Jesus contained in the synoptic gospels.
260 ## - PUBLICATION, DISTRIBUTION, ETC. (IMPRINT)
Place of publication, distribution, etc New York, NY., :
Name of publisher, distributor, etc Abingdon Press
Date of publication, distribution, etc c1926
300 ## - PHYSICAL DESCRIPTION
Extent 184 p. ;
Dimensions 19 cm.
650 ## - SUBJECT ADDED ENTRY--TOPICAL TERM
Topical term or geographic name as entry element Bible New Testament Gospels
General subdivision Theology
942 ## - ADDED ENTRY ELEMENTS (KOHA)
Source of classification or shelving scheme
Koha item type Books
Copies
Permanent Location Date acquired Withdrawn status Copy number Damaged status Shelving location Full call number Date last seen Price effective from Source of classification or shelving scheme Barcode Not for loan Lost status Koha item type
RHEMA Bible Training College2010-04-14 1 General StacksBS 2415 .B672018-03-162010-04-14 2767  Books